000 01246nam a22002415i 4500
001 167708
003 ES-MaACL
005 20250809040617.0
008 940206s1879 sp |||| | spa d
040 _aCAM
_bspa
080 _a347.1(07)
100 1 _aViso, Salvador del.
_9133797
245 1 0 _aLecciones elementales de Derecho Civil /
_cque, con arreglo al programa de enseñanza, compuso Salvador del Viso.
250 _a4ª ed, arreglada a la legislación vigente por una Sociedad de Abogados de este ilustre colegio.
260 _aValencia :
_bJuan Mariano y Sanz,
_c1879 (
_fImprenta de José Domenech)
300 _a3 v. ;
_c22 cm.
505 8 _aContiene : T. I. Del derecho de las personas con relación a su estado (VI, 287 p.) - T.II. Del derecho de las personas con relación a su estado (516 p.) - T.III. Del derecho de las personas pasra exigir de otro lo que debe, ó sea, de las obligaciones (533 p.) ; Apéndice : Ley sobre el mar litoral, las playas y los puertos de 7 de mayo de 1880 (13 p.)
650 0 7 _aDerecho civil
_2embne
_911656
700 1 _aMariana y Sanz, Juan.
_9129490
852 _aES-MaACL
_jG-3688-3690
_z-- Enc. hol. 3 t. en 2 v.
852 _aES-MaACL
_jE-13120-22
999 _c167708
_d167708